Szerbia úton az Európai Unióba

Bibliográfiai részletek
Szerző: Tollingász Nóra
További közreműködők: Ferkelt Dr. Balázs
Dokumentumtípus: Diplomadolgozat
Kulcsszavak:Szerbia
Gazdaság
EU
Online Access:http://dolgozattar.uni-bge.hu/2171

MARC

LEADER 00000nta a2200000 i 4500
001 dolg2171
005 20160225113142.0
008 160225suuuu hu om 000 hun d
040 |a BGE Dolgozattár Repozitórium  |b hun 
041 |a hu 
100 1 |a Tollingász Nóra 
245 1 0 |a Szerbia úton az Európai Unióba  |c Tollingász Nóra  |h [elektronikus dokumentum] 
695 |a Szerbia 
695 |a Gazdaság 
695 |a EU 
700 1 |a Ferkelt Dr. Balázs  |e ths 
856 4 0 |u http://dolgozattar.uni-bge.hu/2171/1/Tollingasz_Nora_Szakdolgozat_2015%20%282%29.pdf  |z Dokumentum-elérés